The Wind Cries Mary, By Jimi Hendrix Lyrics - Statistics

General Stats
  • This quiz has been taken 18 times
  • The average score is 75 of 131
Answer Stats
Answer % Correct
A
100%
a
100%
"Mary"
100%
the
100%
The
100%
wind
100%
And
93%
and
93%
cries
93%
whispers
71%
down
64%
screams
64%
You
64%
all
57%
be
57%
can
57%
has
57%
in
57%
is
57%
no
57%
"No
57%
street
57%
to
57%
are
50%
bed
50%
boxes
50%
ever
50%
gone
50%
happiness
50%
hear
50%
it
50%
It
50%
life
50%
on
50%
red
50%
Will
50%
will
50%
After
43%
dressed
43%
Footprints
43%
have
43%
Its
43%
its
43%
jacks
43%
king
43%
last"
43%
Of
43%
old
43%
past
43%
remember
43%
their
43%
they
43%
this
43%
Up
43%
wisdom
43%
age
36%
blue
36%
broken
36%
clowns
36%
pieces
36%
queen
36%
Somewhere
36%
weeping
36%
wife
36%
yesterday's
36%
blown
29%
broom
29%
drearily
29%
my
29%
sweeping
29%
tiny
29%
tomorrow
29%
traffic
29%
with
29%
crutch
21%
dead
21%
lights
21%
names
21%
turn
21%
'Cause
14%
downstream
14%
his
14%
island
14%
lived
14%
shine
14%
Staggering
14%
that
14%
emptiness
7%
sags
7%
No matching quizzes found
Score Distribution
Percent of People with Each Score
Percentile by Number Answered
Your Score History
You have not taken this quiz